[Event "SVK-ch U10 Girls"]
[Site "Dudince"]
[Date "2023.04.18"]
[Round "4"]
[White "Haasova, Nina"]
[Black "Sunova, Michaela"]
[Result "1/2-1/2"]
[WhiteElo "1201"]
[BlackElo "1003"]
[PlyCount "60"]
[EventDate "2023.04.16"]
[EventType "swiss"]
[EventRounds "9"]
[EventCountry "SVK"]
[SourceTitle "CBM 213 Extra"]
[Source "ChessBase"]
[SourceDate "2023.05.31"]
[SourceVersion "1"]
[SourceVersionDate "2023.05.31"]
[SourceQuality "1"]

1. Nf3 Nf6 2. g3 d5 3. Bg2 Nc6 4. 0-0 e5 5. d3 Bc5 6. c3 h6 7. h3 0-0 8. e3 Bf5 9. d4 Bd6 10. dxe5 Bxe5 11. Nxe5 Nxe5 12. b3 Qd7 13. h4 Bh3 14. Qd4 Nc6 15. Qf4 b5 16. e4 Bxg2 17. Kxg2 dxe4 18. Nd2 Rfe8 19. Re1 Qd3 20. Re3 Qd5 21. a4 b4 22. c4 Qd4 23. Rb1 Re7 24. Nf1 Rae8 25. Bb2 Qd6 26. Qxd6 cxd6 27. Bxf6 gxf6 28. g4 Kg7 29. Ng3 Kg6 30. Rbe1 Na5 1/2-1/2

[Event "SVK-ch U08 Girls"]
[Site "Lubovna"]
[Date "2020.08.17"]
[Round "4"]
[White "Haasova, Nina"]
[Black "Sunova, Michaela"]
[Result "1-0"]
[WhiteElo "1000"]
[BlackElo "1036"]
[PlyCount "57"]
[EventDate "2020.08.15"]
[EventType "tourn"]
[EventRounds "10"]
[EventCountry "SVK"]
[SourceTitle "EXT 2021"]
[Source "ChessBase"]
[SourceDate "2020.10.23"]
[SourceVersion "1"]
[SourceVersionDate "2020.10.23"]
[SourceQuality "1"]

1. e4 e5 2. Nf3 Nc6 3. Bc4 h6 4. Nc3 Nf6 5. h3 Bb4 6. Qe2 d6 7. d3 a6 8. a3 Be6 9. axb4 Nxb4 10. Bxe6 fxe6 11. 0-0 Nh5 12. Be3 Qf6 13. g3 Qg6 14. Kh2 0-0-0 15. Nh4 Qf7 16. g4 Nf6 17. Ra4 Nc6 18. Qf3 Ne7 19. g5 hxg5 20. Bxg5 Ng6 21. Nxg6 Qxg6 22. Rg1 Qf7 23. Bxf6 gxf6 24. Qg4 f5 25. Qg7 Qh5 26. Rg3 f4 27. Kg1 fxg3 28. Nb5 axb5 29. Ra8# 1-0